[Event "GBR-ch Major op 109th"]
[Site "Leicester"]
[Date "2023.07.25"]
[Round "4"]
[White "Bennett, Sebastian"]
[Black "Sinclair, Colin"]
[Result "0-1"]
[WhiteElo "1613"]
[BlackElo "1652"]
[PlyCount "96"]
[EventDate "2023.07.22"]
[EventType "swiss"]
[EventRounds "9"]
[EventCountry "ENG"]
[SourceTitle "EXT 2024"]
[Source "ChessBase"]
[SourceDate "2023.10.10"]
[SourceVersion "1"]
[SourceVersionDate "2023.10.10"]
[SourceQuality "1"]

1. d4 g6 2. Bf4 d6 3. e3 Bg7 4. Nf3 e6 5. Bd3 Ne7 6. Nbd2 a6 7. c3 h6 8. Qc2 Nd7 9. g4 e5 10. Bg3 exd4 11. exd4 Nf6 12. h3 b5 13. 0-0-0 Bb7 14. Rhe1 0-0 15. Bh4 Qd7 16. g5 hxg5 17. Bxg5 Rae8 18. h4 Nh5 19. Bxe7 Rxe7 20. Ng5 Nf4 21. h5 Rfe8 22. hxg6 f6 23. Rxe7 Nxd3+ 24. Qxd3 Rxe7 25. Nf7 Qg4 26. f3 Qf4 27. Rh1 Re3 28. Qf1 Rxf3 29. Qe1 Re3 30. Qh4 Qxh4 31. Rxh4 Rg3 32. Nh6+ Kf8 33. Rg4 Rxg4 34. Nxg4 f5 35. Ne3 f4 36. Nf5 Bc8 37. Nh4 Bf6 38. Nhf3 Bg4 39. Kc2 Kg7 40. Kb3 Be6+ 41. Ka3 a5 42. b3 Kxg6 43. c4 c6 44. d5 Bd7 45. Ne4 b4+ 46. Ka4 cxd5+ 47. Kxa5 dxe4 48. Kxb4 exf3 0-1

[Event "GBR-ch Major op 109th"]
[Site "Leicester"]
[Date "2023.07.23"]
[Round "2"]
[White "Gibson, Christopher A"]
[Black "Bennett, Sebastian"]
[Result "1-0"]
[WhiteElo "1820"]
[BlackElo "1613"]
[PlyCount "87"]
[EventDate "2023.07.22"]
[EventType "swiss"]
[EventRounds "9"]
[EventCountry "ENG"]
[SourceTitle "EXT 2024"]
[Source "ChessBase"]
[SourceDate "2023.10.10"]
[SourceVersion "1"]
[SourceVersionDate "2023.10.10"]
[SourceQuality "1"]

1. e4 c5 2. c3 d6 3. d4 cxd4 4. cxd4 e6 5. Nc3 d5 6. exd5 exd5 7. Qb3 Nf6 8. Be2 Be7 9. Bf3 0-0 10. Nge2 Nc6 11. 0-0 Bg4 12. Bxg4 Nxg4 13. h3 Nf6 14. Qxb7 Na5 15. Qa6 Nc4 16. b3 Nd6 17. Qd3 Re8 18. Bg5 Nde4 19. Nxe4 Nxe4 20. Bxe7 Rxe7 21. Nc3 Nf6 22. Rfe1 Re6 23. Re3 Nh5 24. Qf5 g6 25. Qxd5 Rd6 26. Re8+ Qxe8 27. Qxd6 Rd8 28. Qe5 Qc6 29. d5 Qf6 30. Qxf6 Nxf6 31. Rd1 Rd6 32. f3 a6 33. Ne4 Nxe4 34. fxe4 f6 35. Rc1 f5 36. Rc6 Rd8 37. d6 fxe4 38. Rxa6 e3 39. Kf1 Kf7 40. Ra7+ Ke6 41. d7 Ke5 42. Ke2 Kd6 43. Kxe3 Rxd7 44. Rxd7+ 1-0

[Event "GBR-ch Major op 109th"]
[Site "Leicester"]
[Date "2023.07.22"]
[Round "1"]
[White "Bennett, Sebastian"]
[Black "Gopakumar, Siddharth"]
[Result "0-1"]
[WhiteElo "1613"]
[BlackElo "1888"]
[PlyCount "62"]
[EventDate "2023.07.22"]
[EventType "swiss"]
[EventRounds "9"]
[EventCountry "ENG"]
[SourceTitle "EXT 2024"]
[Source "ChessBase"]
[SourceDate "2023.10.10"]
[SourceVersion "1"]
[SourceVersionDate "2023.10.10"]
[SourceQuality "1"]

1. d4 d5 2. Bf4 Nf6 3. Nf3 c5 4. e3 Nc6 5. Bd3 Qb6 6. Qc1 cxd4 7. exd4 Nxd4 8. Be3 Nxf3+ 9. gxf3 d4 10. Bf4 Nh5 11. Bg3 Nxg3 12. fxg3 e6 13. 0-0 Bd7 14. Nd2 Bc6 15. Nc4 Qc7 16. c3 Bc5 17. Qg5 Qe7 18. Qxe7+ Kxe7 19. b4 Bb6 20. Nxb6 axb6 21. cxd4 Rhd8 22. b5 Rxd4 23. bxc6 Rxd3 24. c7 Rd6 25. f4 Rc8 26. Rfe1 Rxc7 27. f5 Rc5 28. g4 h5 29. h3 hxg4 30. hxg4 Rc4 31. a4 Rxg4+ 0-1